[Event "ODEM U25-A Oberhof"]
[Site "?"]
[Date "2013.05.23"]
[Round "7.1"]
[White "Goelz, Daniel"]
[Black "Figura, Atila"]
[Result "1/2-1/2"]
[WhiteElo "2137"]
[BlackElo "2381"]
[PlyCount "82"]
[EventDate "2013.??.??"]

1. e4 c6 2. Nc3 d5 3. Nf3 Bg4 4. h3 Bxf3 5. Qxf3 e6 6. d3 Nd7 7. Be2 g6 8. Bf4
Bg7 9. O-O Ne7 10. Qg3 Qb6 11. Rab1 e5 12. Bg5 f6 13. Bd2 O-O 14. Kh1 d4 15.
Nd1 f5 16. Bg5 f4 17. Qg4 Qd8 18. Qe6+ Rf7 19. Bg4 Nf8 20. Bxe7 Qxe7 21. Qxe7
Rxe7 22. c4 dxc3 23. bxc3 h5 24. Be2 Ne6 25. Nb2 Rd8 26. Bd1 Nc5 27. Bc2 b5 28.
Rfd1 Red7 29. Kg1 Bf8 30. Kf1 Kg7 31. Ke2 Kf6 32. g3 Bh6 33. h4 Kg7 34. Kf3
fxg3 35. fxg3 Rf8+ 36. Ke2 Rdf7 37. Rf1 b4 38. Rxf7+ Rxf7 39. d4 Nd7 40. Nc4
bxc3 41. dxe5 Nc5 1/2-1/2

[Event "ODEM U25-A Oberhof"]
[Site "?"]
[Date "2013.05.23"]
[Round "7.2"]
[White "Poetsch, Hagen"]
[Black "Schirrmacher, Carsten"]
[Result "1-0"]
[WhiteElo "2431"]
[BlackElo "2095"]
[PlyCount "81"]
[EventDate "2013.??.??"]

1. e4 e5 2. Nf3 Nc6 3. Bc4 Nf6 4. Ng5 d5 5. exd5 Na5 6. Bb5+ c6 7. dxc6 bxc6 8.
Bd3 g6 9. O-O Bg7 10. Re1 O-O 11. Nc3 Nd5 12. Nf3 Re8 13. Bf1 f5 14. Nxd5 cxd5
15. d4 e4 16. Ne5 Qb6 17. c3 Nc6 18. Nxc6 Qxc6 19. Qb3 Bd7 20. Bf4 Bf6 21. c4
Bxd4 22. cxd5 Qf6 23. Rac1 Kh8 24. Rc7 Rab8 25. Qh3 Rbd8 26. Qg3 Rf8 27. Rd1
Bxb2 28. Bg5 Qg7 29. Bxd8 Rxd8 30. Rxa7 Be5 31. Qg5 Bf6 32. Qe3 Qf8 33. Qb6 Be8
34. Bb5 Bxb5 35. Qxb5 Qh6 36. Qb6 Qg5 37. Rf7 Be5 38. g3 Rb8 39. Qe6 Bc3 40.
Qe7 Qh5 41. Rf8+ 1-0

[Event "ODEM U25-A Oberhof"]
[Site "?"]
[Date "2013.05.23"]
[Round "7.3"]
[White "Wenninger, Philipp"]
[Black "Noetzel, Felix"]
[Result "1-0"]
[WhiteElo "2220"]
[BlackElo "2101"]
[PlyCount "99"]
[EventDate "2013.??.??"]

1. c4 c6 2. d4 d5 3. Nf3 e6 4. g3 f5 5. Bg2 Nf6 6. O-O Bd6 7. b3 Qe7 8. Bb2 O-O
9. Qc1 Nbd7 10. Ba3 e5 11. dxe5 Nxe5 12. cxd5 Nxd5 13. Bxd6 Qxd6 14. Nc3 Nxf3+
15. Bxf3 Nf6 16. Rd1 Qe7 17. Qf4 Be6 18. Rd2 Rad8 19. Rad1 Rxd2 20. Qxd2 Qf7
21. Qd4 a6 22. Rd3 Re8 23. Qb4 Bc8 24. Na4 Ne4 25. Bg2 Qh5 26. Bf3 Qf7 27. Qd4
Ng5 28. Nc3 Nxf3+ 29. Rxf3 Qe7 30. Re3 Qf7 31. Rxe8+ Qxe8 32. f3 Be6 33. Kf2
Kf7 34. Na4 Qd7 35. Qe5 Qd5 36. Qxd5 Bxd5 37. Nc5 b6 38. Nd7 b5 39. Ke3 Ke7 40.
Nc5 a5 41. Kd4 Kf6 42. a3 g5 43. b4 axb4 44. axb4 Bc4 45. e3 Be2 46. f4 gxf4
47. exf4 Bf3 48. Nd7+ Ke6 49. Ne5 Bg2 50. Kc5 1-0

[Event "ODEM U25-A Oberhof"]
[Site "?"]
[Date "2013.05.23"]
[Round "7.4"]
[White "Cremer, Jan Paul"]
[Black "Bilchinski, Anton"]
[Result "1-0"]
[WhiteElo "2195"]
[BlackElo "1900"]
[PlyCount "45"]
[EventDate "2013.??.??"]

1. e4 c5 2. Nf3 e6 3. d4 cxd4 4. Nxd4 a6 5. Bd3 Qc7 6. O-O Nf6 7. Qe2 d6 8. c4
Be7 9. Nc3 O-O 10. Be3 Nbd7 11. f4 b6 12. Rac1 Bb7 13. b4 Rfd8 14. f5 e5 15.
Nd5 Bxd5 16. cxd5 Qb7 17. Nc6 Re8 18. g4 h6 19. h4 h5 20. Nxe7+ Rxe7 21. gxh5
Kh7 22. Rc6 Ne8 23. h6 1-0

[Event "ODEM U25-A Oberhof"]
[Site "?"]
[Date "2013.05.23"]
[Round "7.5"]
[White "Pixa, Richard"]
[Black "Jahncke, Giso"]
[Result "0-1"]
[WhiteElo "1920"]
[BlackElo "2214"]
[PlyCount "60"]
[EventDate "2013.??.??"]

1. e4 c5 2. Nf3 e6 3. d4 cxd4 4. Nxd4 Nc6 5. Nc3 d6 6. g3 Be7 7. Bg2 a6 8. a4
Bd7 9. Be3 Nf6 10. O-O Rc8 11. Nxc6 Bxc6 12. a5 O-O 13. f4 Qc7 14. Bb6 Qb8 15.
Qe2 Bd8 16. g4 Nd7 17. Bxd8 Rfxd8 18. g5 b5 19. Qh5 b4 20. Ne2 Bb5 21. f5 exf5
22. Rxf5 g6 23. Qh6 Ne5 24. Nd4 Qa7 25. Rd1 Rc4 26. c3 bxc3 27. bxc3 Rxc3 28.
Kh1 Rd3 29. Rxd3 Bxd3 30. Rxe5 Qxd4 0-1

[Event "ODEM U25-A Oberhof"]
[Site "?"]
[Date "2013.05.23"]
[Round "7.6"]
[White "Schreiber, Kevin"]
[Black "Grewenig, Jan"]
[Result "0-1"]
[WhiteElo "1886"]
[BlackElo "2002"]
[PlyCount "30"]
[EventDate "2013.??.??"]

1. d4 d5 2. Nf3 Nc6 3. Bf4 Bg4 4. e3 e6 5. c4 Nf6 6. Qa4 Bb4+ 7. Nc3 Bxf3 8.
gxf3 dxc4 9. Bxc4 Nd5 10. Bxd5 Qxd5 11. Qxb4 Qxf3 12. Qxb7 Rb8 13. Qxb8+ Nxb8
14. O-O Na6 15. Rac1 g5 0-1

[Event "ODEM U25-A Oberhof"]
[Site "?"]
[Date "2013.05.23"]
[Round "7.7"]
[White "Wurm, Alexander"]
[Black "Reimers, Juri"]
[Result "1-0"]
[WhiteElo "2081"]
[BlackElo "1751"]
[PlyCount "85"]
[EventDate "2013.??.??"]

1. d4 g6 2. c4 Bg7 3. e4 c5 4. d5 e5 5. Nc3 d6 6. Bd3 a6 7. a4 Ne7 8. f4 Nd7 9.
Nf3 O-O 10. O-O Qc7 11. Qe1 b6 12. Qh4 f6 13. fxe5 Nxe5 14. Nxe5 dxe5 15. Bh6
Bb7 16. Rf3 Bxh6 17. Qxh6 Rf7 18. Raf1 Raf8 19. g4 Nc8 20. Qh4 Qe7 21. Qf2 Nd6
22. a5 Bc8 23. axb6 Bxg4 24. Rg3 Bd7 25. Qxc5 Kh8 26. Qe3 f5 27. Qg5 Rf6 28. c5
Nf7 29. d6 Qd8 30. Qd2 Qc8 31. b4 Be6 32. exf5 gxf5 33. Qg2 Nxd6 34. Nd5 Bxd5
35. Qxd5 Nf7 36. Bc4 f4 37. Rg2 Qf5 38. Bd3 Qh5 39. Be2 f3 40. Rxf3 Rxf3 41.
Qxf3 Qh6 42. Kh1 Ng5 43. Qe3 1-0

[Event "ODEM U25-A Oberhof"]
[Site "?"]
[Date "2013.05.23"]
[Round "7.8"]
[White "Boehning, Kilian"]
[Black "Galkin, Wladislaw"]
[Result "0-1"]
[WhiteElo "1882"]
[BlackElo "2066"]
[PlyCount "56"]
[EventDate "2013.??.??"]

1. e4 e5 2. Bc4 Nc6 3. Nc3 Nf6 4. d3 Bc5 5. Na4 Bb6 6. Nxb6 axb6 7. f4 d5 8.
exd5 Nxd5 9. Bxd5 Qxd5 10. Qf3 Be6 11. a3 O-O 12. Be3 exf4 13. Bxf4 Rfe8 14.
Kd2 Qb5 15. Ne2 Bd5 16. Qg3 Rxe2+ 17. Kxe2 Nd4+ 18. Kf2 Qxb2 19. Rhc1 Nxc2 20.
Rab1 Qa2 21. Be5 Nd4+ 22. Kf1 Qe2+ 23. Kg1 Nf5 24. Re1 Nxg3 25. Rxe2 Nxe2+ 26.
Kf2 Re8 27. Bxc7 Nd4 28. Rb2 Ne6 0-1

[Event "ODEM U25-A Oberhof"]
[Site "?"]
[Date "2013.05.23"]
[Round "7.9"]
[White "Boehm, Malte"]
[Black "Stabernack, Joschi"]
[Result "1/2-1/2"]
[WhiteElo "1992"]
[BlackElo "2022"]
[PlyCount "41"]
[EventDate "2013.??.??"]

1. e4 e5 2. f4 Bc5 3. Nc3 Nc6 4. Nf3 d6 5. Na4 Bb6 6. Nxb6 axb6 7. Bb5 Bd7 8.
d3 Qe7 9. O-O Nf6 10. c3 O-O 11. Kh1 exf4 12. Bxf4 Ne5 13. Bxd7 Nfxd7 14. Qc2
Ng6 15. Bg3 f5 16. exf5 Rxf5 17. d4 Raf8 18. a3 Nf6 19. Rae1 Qd7 20. Qb3+ d5
21. Ne5 1/2-1/2

[Event "ODEM U25-A Oberhof"]
[Site "?"]
[Date "2013.05.23"]
[Round "7.10"]
[White "Mehling, Katharina"]
[Black "Frischmann, Rick"]
[Result "0-1"]
[WhiteElo "1837"]
[BlackElo "2254"]
[PlyCount "82"]
[EventDate "2013.??.??"]

1. e4 g6 2. d4 Bg7 3. Nc3 d6 4. f3 a6 5. Be3 b5 6. Qd2 Nd7 7. g4 c5 8. h4 h5 9.
g5 Bb7 10. Bg2 Rc8 11. Nce2 Nb6 12. b3 Qc7 13. c3 e6 14. Ng3 Ne7 15. N1e2 a5
16. O-O c4 17. f4 cxb3 18. axb3 a4 19. bxa4 bxa4 20. Qa2 O-O 21. f5 exf5 22.
exf5 Bxg2 23. Kxg2 Ned5 24. Bd2 Rfe8 25. Rf3 Qc4 26. Nf4 Nxf4+ 27. Bxf4 Qxa2+
28. Rxa2 Bf8 29. Kf2 d5 30. Ne2 a3 31. fxg6 fxg6 32. Be5 Rc6 33. Rf6 Rxf6+ 34.
Bxf6 Re4 35. Bd8 Na4 36. Kg3 Bd6+ 37. Kh3 Nxc3 38. Nxc3 Re3+ 39. Kg2 Rxc3 40.
Bf6 Rb3 41. Ra1 Bb4 0-1

[Event "ODEM U25-A Oberhof"]
[Site "?"]
[Date "2013.05.23"]
[Round "7.11"]
[White "Askri, Samir"]
[Black "Stein, Daniel"]
[Result "0-1"]
[WhiteElo "1785"]
[BlackElo "1823"]
[PlyCount "92"]
[EventDate "2013.??.??"]

1. d4 Nf6 2. c4 g6 3. Nc3 Bg7 4. e4 d6 5. Nf3 O-O 6. Be2 e5 7. O-O Nc6 8. d5
Ne7 9. Ne1 Ne8 10. Be3 f5 11. f3 f4 12. Bf2 Rf6 13. c5 g5 14. Rc1 dxc5 15. Bxc5
a6 16. Nd3 Rh6 17. b4 b6 18. Bf2 Nd6 19. g4 fxg3 20. hxg3 Qe8 21. g4 Ng6 22.
Qc2 Bd7 23. a4 Nf4 24. Nxf4 gxf4 25. Qb3 Rg6 26. Qd1 h5 27. Kh2 hxg4 28. fxg4
Bh6 29. Bf3 Nc4 30. b5 Ne3 31. Bxe3 fxe3 32. Rc2 Bf4+ 33. Kg2 Qe7 34. Rh1 Qg7
35. Kf1 Bxg4 36. Bxg4 Rxg4 37. bxa6 Rf8 38. Nb5 Rg3 39. Qh5 e2+ 40. Kxe2 Rg2+
41. Kd1 Rg1+ 42. Rxg1 Qxg1+ 43. Ke2 Qe3+ 44. Kd1 Qd3+ 45. Ke1 Bg3+ 46. Rf2
Bxf2# 0-1

[Event "ODEM U25-A Oberhof"]
[Site "?"]
[Date "2013.05.23"]
[Round "7.12"]
[White "Reisberg, Andre"]
[Black "Reinfelder, Fabian"]
[Result "1-0"]
[WhiteElo "1975"]
[BlackElo "1498"]
[PlyCount "67"]
[EventDate "2013.??.??"]

1. d4 Nf6 2. c4 g6 3. Nc3 d5 4. cxd5 Nxd5 5. Bd2 Nxc3 6. Bxc3 Bg7 7. e4 O-O 8.
h3 b6 9. Nf3 Bb7 10. Qc2 Nd7 11. Rd1 e6 12. Bb4 Re8 13. Bd3 a6 14. O-O a5 15.
Bd2 c5 16. Bg5 f6 17. Be3 Rc8 18. Qe2 cxd4 19. Nxd4 Qe7 20. Bb5 Red8 21. Bc4
Nc5 22. f3 Kh8 23. a3 e5 24. Nb5 Ba6 25. Rxd8+ Rxd8 26. Nc3 Bxc4 27. Qxc4 Bf8
28. Nd5 Qe6 29. Qb5 Rb8 30. Rc1 Qd6 31. b4 axb4 32. axb4 Nd7 33. Rc6 Qxc6 34.
Qxc6 1-0

[Event "ODEM U25-A Oberhof"]
[Site "?"]
[Date "2013.05.23"]
[Round "7.13"]
[White "Schirra, Felix"]
[Black "Carow, Annelen"]
[Result "1-0"]
[WhiteElo "1711"]
[BlackElo "2025"]
[PlyCount "67"]
[EventDate "2013.??.??"]

1. e4 c5 2. Nf3 e6 3. d4 cxd4 4. Nxd4 a6 5. Nc3 Qc7 6. g3 Bb4 7. Nde2 Nf6 8.
Bg2 Be7 9. O-O d6 10. h3 Nc6 11. g4 O-O 12. Ng3 b5 13. a3 Bb7 14. g5 Nd7 15. f4
Rfe8 16. Kh2 b4 17. axb4 Nxb4 18. f5 d5 19. Bf4 e5 20. Bc1 dxe4 21. f6 Bf8 22.
fxg7 Bxg7 23. Qh5 Nc5 24. Nf5 Re6 25. Be3 Rf8 26. Bxc5 Qxc5 27. Nxg7 Kxg7 28.
Nxe4 Qxc2 29. Rf2 Bxe4 30. Rxc2 Bxc2 31. Rc1 Bg6 32. Qg4 Nd3 33. Rc7 e4 34.
Qxe6 1-0

[Event "ODEM U25-A Oberhof"]
[Site "?"]
[Date "2013.05.23"]
[Round "7.14"]
[White "Lenz, Jonas"]
[Black "Feldheim, Jonas"]
[Result "0-1"]
[WhiteElo "1972"]
[BlackElo "2024"]
[PlyCount "58"]
[EventDate "2013.??.??"]

1. e4 e6 2. d4 d5 3. Nc3 Nf6 4. Bg5 Bb4 5. e5 h6 6. Be3 Ne4 7. Qg4 Kf8 8. a3
Bxc3+ 9. bxc3 c5 10. Bd3 Nxc3 11. dxc5 Nc6 12. Nf3 f5 13. exf6 Qxf6 14. Nh4 Ne5
15. Ng6+ Nxg6 16. Qxg6 e5 17. Qxf6+ gxf6 18. a4 Bd7 19. O-O Rc8 20. c6 Bxc6 21.
Bxa7 Nxa4 22. Rfb1 Nc3 23. Rb3 d4 24. Bc5+ Kg7 25. Bb4 Nd5 26. Bd2 Ra8 27. Rxa8
Rxa8 28. h4 Ra1+ 29. Kh2 Rd1 0-1

[Event "ODEM U25-A Oberhof"]
[Site "?"]
[Date "2013.05.23"]
[Round "7.15"]
[White "Khrapko, Marko"]
[Black "Weber, Daniel"]
[Result "1/2-1/2"]
[WhiteElo "1818"]
[BlackElo "1897"]
[PlyCount "103"]
[EventDate "2013.??.??"]

1. e4 e6 2. d4 d5 3. Nc3 Nf6 4. e5 Nfd7 5. f4 c5 6. Nf3 Nc6 7. Be3 Qb6 8. Na4
Qa5+ 9. c3 cxd4 10. b4 Nxb4 11. cxb4 Bxb4+ 12. Bd2 Bxd2+ 13. Nxd2 O-O 14. Bd3
b5 15. Nb2 Nb6 16. O-O Nc4 17. Nbxc4 bxc4 18. Bxh7+ Kxh7 19. Qh5+ Kg8 20. Nf3
g6 21. Qh6 Qc7 22. f5 exf5 23. Rfe1 Be6 24. Ng5 Rfe8 25. Qh7+ Kf8 26. Nxe6+
Rxe6 27. Qh8+ Ke7 28. Qxa8 Qc5 29. Rab1 d3+ 30. Kf1 Rc6 31. Rb7+ Rc7 32. Reb1
d2 33. Rxc7+ Qxc7 34. Qxd5 c3 35. Ra1 Kf8 36. Ke2 Qb6 37. Qb3 Qa6+ 38. Ke3 f4+
39. Kxf4 Qe2 40. Qb8+ Ke7 41. Qd6+ Ke8 42. Rb1 Qf2+ 43. Kg4 Qf5+ 44. Kg3 Qxb1
45. Qc6+ Kd8 46. Qd6+ Kc8 47. Qc6+ Kb8 48. Qd6+ Kb7 49. Qd7+ Ka6 50. Qa4+ Kb6
51. Qd4+ Kb7 52. Qd7+ 1/2-1/2

[Event "ODEM U25-A Oberhof"]
[Site "?"]
[Date "2013.05.23"]
[Round "7.16"]
[White "Kardoeus, David"]
[Black "Beck, Michael"]
[Result "1-0"]
[WhiteElo "1894"]
[BlackElo "1985"]
[PlyCount "67"]
[EventDate "2013.??.??"]

1. b3 Nf6 2. Bb2 g6 3. Bxf6 exf6 4. c4 Bg7 5. Nc3 f5 6. g3 O-O 7. Bg2 d6 8. e3
Nc6 9. d4 Bd7 10. Nge2 Re8 11. O-O Rb8 12. Qd2 a6 13. Rfc1 Bf8 14. Rab1 b6 15.
b4 a5 16. a3 axb4 17. axb4 Ne7 18. b5 Kh8 19. Ra1 c6 20. Ra7 Ra8 21. Rca1 Rxa7
22. Rxa7 cxb5 23. Nxb5 Nc8 24. Rb7 Bxb5 25. cxb5 Re7 26. Rb8 Qc7 27. Ra8 Re8
28. Qc3 Qxc3 29. Nxc3 d5 30. Bxd5 Nd6 31. Rxe8 Nxe8 32. Bc6 Nd6 33. Nd5 Nc4 34.
Kf1 1-0

[Event "ODEM U25-A Oberhof"]
[Site "?"]
[Date "2013.05.23"]
[Round "7.17"]
[White "Goettel, Tobias"]
[Black "Celmer, Ole"]
[Result "0-1"]
[WhiteElo "1989"]
[BlackElo "1882"]
[PlyCount "106"]
[EventDate "2013.??.??"]

1. e4 e5 2. Nf3 Nc6 3. Bb5 a6 4. Bxc6 dxc6 5. O-O Qf6 6. d4 exd4 7. Bg5 Qd6 8.
Nxd4 Bd7 9. Nc3 Be7 10. Bxe7 Nxe7 11. Nb3 Qxd1 12. Raxd1 b6 13. Rd2 O-O-O 14.
Rfd1 c5 15. a4 f5 16. a5 fxe4 17. axb6 cxb6 18. Nxe4 Bc6 19. Nd6+ Kc7 20. Nf7
Rxd2 21. Rxd2 Re8 22. h3 Nd5 23. Kh2 Re7 24. Ng5 h6 25. Nf3 Nf4 26. Nh4 Re1 27.
f3 Re5 28. g3 Nd5 29. f4 Re1 30. Nf3 Rb1 31. Ne5 Rxb2 32. c4 Rxd2+ 33. Nxd2 Ne3
34. g4 b5 35. Kg3 Nxc4 36. Ndxc4 bxc4 37. Nxc4 Bb5 38. Na3 Bd3 39. Kf3 Kc6 40.
Ke3 c4 41. Kd4 Kd6 42. h4 h5 43. gxh5 Ke6 44. h6 gxh6 45. Nxc4 Bxc4 46. Kxc4
Kf5 47. Kc5 Kxf4 48. Kb6 Kg4 49. Kxa6 Kxh4 50. Kb5 Kg3 51. Kc4 h5 52. Kd3 h4
53. Ke2 Kg2 0-1

[Event "ODEM U25-A Oberhof"]
[Site "?"]
[Date "2013.05.23"]
[Round "7.18"]
[White "Alcer, Fabian"]
[Black "Donath, Johann"]
[Result "1/2-1/2"]
[WhiteElo "1732"]
[BlackElo "1958"]
[PlyCount "154"]
[EventDate "2013.??.??"]

1. e4 e6 2. d4 d5 3. exd5 Qxd5 4. Nf3 Nf6 5. c4 Qd8 6. Be2 c5 7. O-O Nc6 8. Be3
cxd4 9. Nxd4 Bd7 10. Nc3 Be7 11. Bf3 O-O 12. a3 Qb8 13. Nxc6 Bxc6 14. Bxc6 bxc6
15. b4 Qe5 16. Bd4 Qf5 17. Qe2 Rfd8 18. Rad1 a5 19. c5 axb4 20. axb4 Rab8 21.
Qc4 Qf4 22. g3 Qf3 23. Rd3 Qh5 24. Bxf6 Bxf6 25. Ne4 Rxd3 26. Qxd3 Rxb4 27. Qd7
h6 28. Nxf6+ gxf6 29. Qxc6 Rc4 30. Rb1 Qxc5 31. Rb8+ Kg7 32. Qe8 Rc1+ 33. Kg2
Qc6+ 34. Qxc6 Rxc6 35. Rb3 f5 36. Kf3 e5 37. h4 h5 38. Re3 f6 39. Rb3 Rc4 40.
Ra3 Kg6 41. Rb3 f4 42. gxf4 Rxf4+ 43. Kg3 Rg4+ 44. Kh3 Kf5 45. f3 Rd4 46. Kg3
e4 47. Rb5+ Kg6 48. fxe4 Rxe4 49. Ra5 Re5 50. Ra3 Kf5 51. Rb3 Rd5 52. Re3 Rd4
53. Rf3+ Ke5 54. Re3+ Re4 55. Ra3 f5 56. Ra5+ Kf6 57. Ra3 Rd4 58. Ra6+ Ke5 59.
Rh6 f4+ 60. Kf3 Rd3+ 61. Kf2 Ra3 62. Rxh5+ Ke4 63. Rh8 Ra2+ 64. Ke1 Kf3 65. h5
Ra1+ 66. Kd2 Kf2 67. h6 f3 68. h7 Rh1 69. Kd3 Rh3 70. Kd2 Rh1 71. Kd3 Rd1+ 72.
Kc2 Rd7 73. Kc3 Rf7 74. Kd2 Kf1 75. Ke3 f2 76. Kd2 Rd7+ 77. Kc2 Re7 1/2-1/2

[Event "ODEM U25-A Oberhof"]
[Site "?"]
[Date "2013.05.23"]
[Round "7.19"]
[White "Alten, Silvio"]
[Black "Hoepfner, Tim"]
[Result "1-0"]
[WhiteElo "1878"]
[BlackElo "1955"]
[PlyCount "129"]
[EventDate "2013.??.??"]

1. e4 c5 2. Nf3 d6 3. d4 cxd4 4. Nxd4 Nf6 5. Nc3 a6 6. Bc4 e6 7. Bb3 b5 8. Bg5
Be7 9. Qf3 Qc7 10. e5 dxe5 11. Ndxb5 axb5 12. Qxa8 O-O 13. Be3 Bb4 14. O-O-O
Bxc3 15. bxc3 Nbd7 16. Qa3 Qxc3 17. Qb2 Qc7 18. Bd2 Bb7 19. Bb4 Rc8 20. Bd6 Qb6
21. Bxe5 Nxe5 22. Qxe5 Ng4 23. Qd4 Qxd4 24. Rxd4 Nxf2 25. Rf1 Ne4 26. Rd7 Nc5
27. Rfxf7 Nxd7 28. Rxd7 Bxg2 29. Bxe6+ Kh8 30. Rxg7 Kxg7 31. Bxc8 b4 32. Be6
Kf6 33. Bc4 Ke5 34. Kb2 Kd4 35. Kb3 Kc5 36. c3 bxc3 37. Kxc3 Bc6 38. Kd3 Kd6
39. Kd4 h6 40. Bb3 Be8 41. Ke4 Ke7 42. Kf5 Kf8 43. Kf6 h5 44. Kg5 Kg7 45. Bd1
h4 46. Kxh4 Kh6 47. h3 Bc6 48. Bg4 Ba4 49. a3 Bb5 50. Kg3 Kg5 51. h4+ Kh6 52.
Kf4 Ba4 53. Ke5 Bb5 54. Kd6 Ba4 55. Bd7 Bd1 56. Be8 Bc2 57. Kc5 Bd1 58. Kb4 Bc2
59. Bf7 Bd1 60. Bb3 Bg4 61. a4 Kh5 62. a5 Bc8 63. Kc5 Kxh4 64. Kb6 Bf5 65. a6
1-0

[Event "ODEM U25-A Oberhof"]
[Site "?"]
[Date "2013.05.23"]
[Round "7.20"]
[White "Diller, Daniel"]
[Black "Mehling, Franziska"]
[Result "1/2-1/2"]
[WhiteElo "1822"]
[BlackElo "1690"]
[PlyCount "43"]
[EventDate "2013.??.??"]

1. c4 e5 2. g3 Nf6 3. Bg2 d5 4. cxd5 Nxd5 5. Nc3 Nb6 6. Nf3 Nc6 7. O-O Be7 8.
a3 a5 9. d3 O-O 10. Be3 Ra6 11. Rc1 Be6 12. Na4 Nxa4 13. Qxa4 f6 14. Qb5 Qc8
15. Nd2 Bd7 16. Qc4+ Kh8 17. Ne4 Be6 18. Qa4 Rd8 19. Bc5 Bd5 20. Bxe7 Nxe7 21.
Nc5 Rb6 22. b4 1/2-1/2

[Event "ODEM U25-A Oberhof"]
[Site "?"]
[Date "2013.05.23"]
[Round "7.21"]
[White "Faldum, Manfred"]
[Black "Reif, Gerold"]
[Result "1-0"]
[WhiteElo "1865"]
[BlackElo "1623"]
[PlyCount "161"]
[EventDate "2013.??.??"]

1. Nf3 d5 2. g3 c5 3. Bg2 Nc6 4. O-O e5 5. d3 Nf6 6. c4 d4 7. e3 Be7 8. exd4
exd4 9. Na3 O-O 10. Nc2 Bf5 11. a3 Re8 12. Rb1 Bd6 13. b4 b6 14. Bg5 h6 15.
Bxf6 Qxf6 16. Nh4 Rac8 17. Bxc6 Rxc6 18. Qf3 Bd7 19. Qxf6 gxf6 20. b5 Rcc8 21.
Rfe1 Re5 22. f4 Re6 23. Kf2 Rce8 24. Rbd1 Bc7 25. Rd2 a6 26. a4 axb5 27. axb5
Ra8 28. Ra1 Ree8 29. Rdd1 Bg4 30. Nf3 Kg7 31. Rxa8 Rxa8 32. Ra1 Rxa1 33. Nxa1
h5 34. Nb3 Bd6 35. Nbd2 Bxf3 36. Nxf3 f5 37. Ne5 Bxe5 38. fxe5 Kf8 39. Kf3 Ke7
40. Kf4 Ke6 41. h3 f6 42. exf6 Kxf6 43. h4 Ke6 44. Kg5 Ke5 45. Kxh5 f4 46. Kg4
fxg3 47. Kxg3 Kf5 48. Kf3 Kg6 49. Kg4 Kh6 50. h5 Kh7 51. Kg5 Kg7 52. h6+ Kh7
53. Kh5 Kh8 54. Kg6 Kg8 55. Kf6 Kh7 56. Ke6 Kxh6 57. Kd6 Kg5 58. Kc6 Kf4 59.
Kxb6 Ke3 60. Kxc5 Kxd3 61. b6 Ke3 62. b7 d3 63. b8=Q d2 64. Qd6 Ke2 65. Qxd2+
Kxd2 66. Kb6 Kd3 67. c5 Ke4 68. c6 Ke5 69. c7 Kd4 70. c8=Q Ke5 71. Qd7 Ke4 72.
Kc5 Ke3 73. Qd4+ Kf3 74. Qe5 Kf2 75. Qe4 Kg3 76. Qf5 Kg2 77. Kd4 Kg3 78. Ke3
Kg2 79. Qg4+ Kf1 80. Qg6 Ke1 81. Qg1# 1-0

[Event "ODEM U25-A Oberhof"]
[Site "?"]
[Date "2013.05.23"]
[Round "7.22"]
[White "Edel, Fenja"]
[Black "Gubela, Hans-Erich"]
[Result "1/2-1/2"]
[WhiteElo "1635"]
[BlackElo "1788"]
[PlyCount "65"]
[EventDate "2013.??.??"]

1. e4 b6 2. d4 Bb7 3. Nc3 e6 4. Nf3 Bb4 5. Bd3 Nf6 6. Qe2 d5 7. exd5 Nxd5 8.
Bd2 Nxc3 9. bxc3 Be7 10. O-O Nd7 11. Rfe1 O-O 12. Rab1 c5 13. Ne5 Nf6 14. Be3
Rc8 15. Red1 Qc7 16. Bf4 Bd6 17. Bg5 Nd5 18. Bd2 Rfe8 19. Bb5 Re7 20. Bd3 f6
21. Nf3 e5 22. dxe5 Bxe5 23. Nxe5 Rxe5 24. Qg4 Qc6 25. Be4 f5 26. Bxf5 Nf6 27.
Qc4+ Kh8 28. Bh3 Rh5 29. Qe6 Qc7 30. Qe3 Re8 31. Qf4 Qc6 32. Qg3 Ne4 33. Qf3
1/2-1/2

[Event "ODEM U25-A Oberhof"]
[Site "?"]
[Date "2013.05.23"]
[Round "7.23"]
[White "Lansky, Georg"]
[Black "Litzka, Richard"]
[Result "0-1"]
[WhiteElo "1852"]
[BlackElo "1572"]
[PlyCount "154"]
[EventDate "2013.??.??"]

1. e4 c5 2. Nf3 e6 3. d4 cxd4 4. Nxd4 a6 5. Bd3 b5 6. a4 b4 7. O-O Nc6 8. Be3
Bb7 9. Nd2 Nf6 10. Qe2 Be7 11. Rfd1 O-O 12. Nxc6 dxc6 13. Nb3 Qc7 14. Nc5 a5
15. c3 bxc3 16. bxc3 Nd7 17. Nxb7 Qxb7 18. Rab1 Qc7 19. f4 Bc5 20. e5 Rfd8 21.
Qf2 Qa7 22. Bxc5 Qxc5 23. Be4 Qxf2+ 24. Kxf2 Rac8 25. Bxc6 Rxc6 26. Rxd7 Rdc8
27. Rb3 g6 28. Ra7 Rc5 29. h3 Rd5 30. Ke3 Rc4 31. Rb8+ Kg7 32. Rbb7 Rxc3+ 33.
Ke2 Rc2+ 34. Kf3 Rd3+ 35. Kg4 Rxg2+ 36. Kh4 g5+ 37. fxg5 Kg6 38. Rd7 Re3 39.
Rd4 Rxe5 40. Rg4 Rxg4+ 41. Kxg4 Re4+ 42. Kg3 Rxa4 43. h4 Ra1 44. Kg4 a4 45. h5+
Kg7 46. h6+ Kg6 47. Ra8 Rg1+ 48. Kh4 Kf5 49. Rxa4 Rh1+ 50. Kg3 Kxg5 51. Ra7 Kg6
52. Kg4 Rxh6 53. Ra8 Rh1 54. Kf4 Kf6 55. Ke4 Rh4+ 56. Kf3 Kf5 57. Kg3 Rg4+ 58.
Kf3 h5 59. Rh8 Rf4+ 60. Ke3 Rh4 61. Rh7 f6 62. Kf3 e5 63. Rh8 e4+ 64. Kg3 Rg4+
65. Kf2 h4 66. Ra8 Kf4 67. Ra4 f5 68. Ra3 Rg3 69. Ra8 e3+ 70. Kf1 Kf3 71. Ra2
e2+ 72. Rxe2 Rg1+ 73. Kxg1 Kxe2 74. Kh1 f4 75. Kh2 f3 76. Kh1 f2 77. Kh2 Kf3
0-1

[Event "ODEM U25-A Oberhof"]
[Site "?"]
[Date "2013.05.23"]
[Round "7.24"]
[White "Steingraeber, Kai-Uwe"]
[Black "Usczeck, Lukas"]
[Result "1-0"]
[WhiteElo "2169"]
[BlackElo "1794"]
[PlyCount "67"]
[EventDate "2013.??.??"]

1. d4 Nf6 2. c4 e6 3. Nf3 Bb4+ 4. Bd2 Qe7 5. g3 O-O 6. Bg2 d5 7. O-O Nbd7 8.
Bg5 b6 9. Ne5 h6 10. Bf4 Bb7 11. Qa4 g5 12. Nxd7 Nxd7 13. Bc1 f5 14. c5 bxc5
15. a3 Nb6 16. Qc2 cxd4 17. axb4 Qxb4 18. Qxc7 Rf7 19. Qe5 Qe7 20. Qxd4 e5 21.
Qd1 f4 22. Nc3 e4 23. Nb5 Qc5 24. Nd4 Nc4 25. b3 fxg3 26. bxc4 gxh2+ 27. Kxh2
dxc4 28. e3 Qe5+ 29. Kg1 Qg7 30. Qc2 Re8 31. Qxc4 g4 32. Rxa7 Kh8 33. Ne6 Qe5
34. Nf4 1-0

[Event "ODEM U25-A Oberhof"]
[Site "?"]
[Date "2013.05.23"]
[Round "7.25"]
[White "Lagunow, Elina"]
[Black "Schwedek, Tony"]
[Result "1/2-1/2"]
[WhiteElo "1759"]
[BlackElo "1933"]
[PlyCount "144"]
[EventDate "2013.??.??"]

1. Nf3 d5 2. g3 c5 3. Bg2 Nc6 4. d4 Bf5 5. O-O Nf6 6. c3 e6 7. h3 Bd6 8. Nbd2
Qc7 9. Nh4 Bg6 10. Nxg6 hxg6 11. Nf3 Ne4 12. Nd2 Nxd2 13. Qxd2 O-O 14. b3 cxd4
15. cxd4 Nxd4 16. Qxd4 Be5 17. Qa4 Bxa1 18. Ba3 Bf6 19. Rc1 Qe5 20. Bxf8 Rxf8
21. e3 Qb8 22. Qd7 Rd8 23. Qb5 Bb2 24. Rc2 Be5 25. Kh2 Kf8 26. Qb4+ Bd6 27. Qh4
Kg8 28. Qa4 a6 29. Qd4 Rc8 30. Qd3 f5 31. Rxc8+ Qxc8 32. a4 Qc5 33. Qd2 Kf7 34.
Kg1 Be5 35. Kf1 b5 36. Qd3 bxa4 37. bxa4 a5 38. Ke2 Ke7 39. Kd1 g5 40. Qc2 Qb4
41. Bf1 d4 42. exd4 Qxd4+ 43. Bd3 Bd6 44. Ke1 Qa1+ 45. Ke2 Kf6 46. Kd2 Bb4+ 47.
Ke3 Qe1+ 48. Be2 Kg6 49. Qc4 Qd2+ 50. Kf3 Qd6 51. Kg2 Kf6 52. Qb3 Qc5 53. Qc4
Qb6 54. Qb5 Qd8 55. Qd3 Qe7 56. Qb5 e5 57. Qb6+ Qd6 58. Qxd6+ Bxd6 59. f3 e4
60. fxe4 fxe4 61. g4 Ke5 62. Kg3 Bb4 63. Bb5 Be1+ 64. Kg2 Kf4 65. Be2 Bh4 66.
Bb5 Ke3 67. Ba6 Kd2 68. Bb5 Ke1 69. Bc4 Bf2 70. Bb5 e3 71. Kf3 Kd2 72. Ba6 Bg1
1/2-1/2

[Event "ODEM U25-A Oberhof"]
[Site "?"]
[Date "2013.05.23"]
[Round "7.26"]
[White "Gamisch, Laura"]
[Black "Stark, Sven"]
[Result "1/2-1/2"]
[WhiteElo "1763"]
[BlackElo "1862"]
[PlyCount "83"]
[EventDate "2013.??.??"]

1. d4 d5 2. c4 e6 3. Nc3 c6 4. e3 f5 5. Bd3 Nf6 6. Nge2 Bd6 7. b3 O-O 8. Bb2
Nbd7 9. Qc2 Ne4 10. Ng3 Qh4 11. O-O-O Ndf6 12. Kb1 Ng4 13. Rdf1 Ngxf2 14. Rxf2
Nxg3 15. Re1 Qxh2 16. Ne2 Nxe2 17. Rfxe2 Qg3 18. Rh1 Bd7 19. Rh3 Qg4 20. Re1
Rf6 21. Reh1 h6 22. Rh4 Qg5 23. Qe2 Rg6 24. g4 Bg3 25. gxf5 exf5 26. Rh5 Qg4
27. Qxg4 Rxg4 28. Bxf5 Bxf5+ 29. Rxf5 dxc4 30. Rg1 Rf8 31. Rxf8+ Kxf8 32. Ba3+
Kg8 33. Bd6 Bxd6 34. Rxg4 cxb3 35. axb3 Kf7 36. e4 g5 37. Kc2 Bf4 38. Kd3 h5
39. Rg1 h4 40. Rh1 Ke6 41. Ke2 Bg3 42. Kf3 1/2-1/2

[Event "ODEM U25-A Oberhof"]
[Site "?"]
[Date "2013.05.23"]
[Round "7.27"]
[White "Meiser, Michael"]
[Black "Werner, Justus"]
[Result "0-1"]
[WhiteElo "1931"]
[BlackElo "1652"]
[PlyCount "22"]
[EventDate "2013.??.??"]

1. e4 c5 2. Nc3 e6 3. f4 Nc6 4. Nf3 g6 5. Bb5 Nge7 6. d3 Bg7 7. Be3 Nd4 8. Ba4
O-O 9. O-O d5 10. Qd2 Nxf3+ 11. Rxf3 d4 0-1